000 00241nam a22000857a 4500
999 _c516427
_d516427
100 _aArntz, H. (ed.)
_922923
245 _aEconomic activity and foreign trade
_cedited by H. Arntz
260 _aEssen
_bGovernment of Germany
_c1965
300 _a102p.